|
|
|
|
| LEADER |
00744nab a2200181 i 4500 |
| 001 |
misc8347 |
| 005 |
20191106143917.0 |
| 008 |
170607s1907 hu o 0|| hun d |
| 022 |
|
|
|a 0025-0260
|
| 040 |
|
|
|a SZTE Miscellanea Repozitórium
|b hun
|
| 041 |
|
|
|a hun
|
| 100 |
1 |
|
|a Goldziher Károly
|
| 245 |
1 |
0 |
|a F. Klein, F. Schimmack
|h [elektronikus dokumentum] :
|b Der mathematische Unterricht an den höheren Schulen /
|c Goldziher Károly
|
| 260 |
|
|
|c 1907
|
| 300 |
|
|
|a 567-569
|
| 490 |
0 |
|
|a Magyar pedagógia : a Magyar Tudományos Akadémia Pedagógiai Bizottságának folyóirata
|v 16
|
| 695 |
|
|
|a Matematika tanítása középiskola módszer, Matematika tanítása
|
| 856 |
4 |
0 |
|u http://misc.bibl.u-szeged.hu/8347/1/mp_1907_1244_567-569.pdf
|z Dokumentum-elérés
|